| 000 | 00902nam a2200229 i 4500 | ||
|---|---|---|---|
| 001 | 164548 | ||
| 003 | ES-MaACL | ||
| 005 | 20250929063242.0 | ||
| 008 | 981029s1726 it |||| | lat d | ||
| 040 |
_aCAM _bspa _cCAM |
||
| 100 | 1 |
_aSánchez, Tomás, _d1550-1610 _9133050 |
|
| 245 | 1 | 0 |
_aR.P. Thomae Sanchez ..., é Societate Jesu, de sancto matrimonii sacramento disputationum tomus secundus _b: in quo etiam continetur liber septimus, qui de impedimentis matrimonii agit. |
| 246 | 3 | _aDe sancto matrimonii sacramento | |
| 260 |
_aVenetiis : _bApud Nicolaum Pezzana, _c1726. |
||
| 300 |
_a308 p. ; _cFol. |
||
| 596 | _aMarca tip. en port. | ||
| 597 | _aSign.: A-S8, T10. | ||
| 597 | _aTexto a dos col. | ||
| 650 | 4 |
_aMatrimonio- _xAspectos religiosos- _xCristianismo. _9162990 |
|
| 852 |
_aES-MaACL _jR-1558-59(1) _z- Enc. piel _x- Olim: G-1939-40(1) |
||
| 999 |
_c164548 _d164548 |
||